000 00655nam a2200193Ia 4500
003 GCL
005 20240530104200.0
008 140319s9999 xx 000 0 ara d
040 _aGCL /
_cGCL
082 0 4 _a960
_bج ت
100 1 _aجوليان، شارل اندرية
245 1 0 _aتاريخ افريقيا /
_cجوليان، شارل اندرية
260 _aالقاهرة :
_bنهضة مصر للطباعة والنشر والتوزيع
300 _a167 ص ؛
_c24 سم
650 0 4 _aافريقيا
_xتاريخ
700 1 _aعبدالمنعم ماجد
_eمراجع
700 1 _aطلعت عوضى اباضة
_eمترجم
942 _2ddc
_cBK
999 _c45297
_d45297